000
00331nam a2200121Ia 4500
008
241028s9999 xx 000 0 und d
041
_a
eng
082
_a
658.1599 MAD
100
_a
Madura
245
_a
International Financial Management With Mindtap
260
_b
Cengage Learning India
_a
Australia
_c
2018
300
_a
712;. P. 25 CM
999
_c
42960
_d
42960